| 000 | 00368nam a22001457a 4500 | ||
|---|---|---|---|
| 020 | _qHB. | ||
| 040 | _cFIZZA ISHAQ | ||
| 082 |
_a624.1762 _bMIC |
||
| 100 |
_aKUNO, MICHIYA. _991223 |
||
| 245 |
_aEARTHQUAKE ENGINEERING FOR NUCLEAR FACILITIES / _cMICHIYA KUNO. |
||
| 250 | _a1st ED. | ||
| 260 |
_aLONDON ; _bSPRINGER, _c2017. |
||
| 300 | _a303 P. ; | ||
| 942 |
_2ddc _cBK |
||
| 999 |
_c589399 _d589399 |
||